Najwięksi partnerzy handlowi - Australia - Statystyki

Ogólne statystyki
  • Ten quiz został rozwiązany 2 120 razy
  • Średni wynik to 15 z 18
Statystyki odpowiedzi
Eksporty Importy Państwo % Poprawnych
95,2 mld 57,6 mld Chiny
99%
13,2 mld 23,7 mld Stany Zjednoczone
99%
19,1 mld 12,1 mld Japonia
97%
6,93 mld 4,95 mld Nowa Zelandia
96%
7,05 mld 3,68 mld Indie
95%
4,01 mld Francja
93%
2,61 mld 9,32 mld Niemcy
93%
10,2 mld 4,79 mld Wielka Brytania
93%
3,37 mld 3,15 mld Indonezja
91%
13 mld 6,03 mld Korea Południowa
87%
4,56 mld Włochy
81%
2,28 mld 9,6 mld Tajlandia
79%
4,42 mld 4,3 mld Wietnam
79%
3,29 mld 6,7 mld Malezja
77%
5,43 mld 5,25 mld Singapur
65%
5,52 mld 3,16 mld Tajwan
63%
1,71 mld Holandia
53%
1,77 mld Szwajcaria
31%
Nie znaleziono quizów pasujących do podanych kryteriów
Rozkład punktacji
Procent ludzi z każdym wynikiem
Percentyl według liczby udzielonych odpowiedzi
Twoja historia wyników
Nie rozwiązałeś tego quizu